|
|
|
|
| LEADER |
01050nam a2200361 4500 |
| 001 |
DLU090084108 |
| 005 |
##20091103 |
| 008 |
##010806s2001 enkab b 000 0 eng d |
| 010 |
# |
# |
|a 2001270508
|
| 020 |
# |
# |
|a 186094146X
|
| 035 |
# |
# |
|a (OCoLC)ocm47149055
|
| 040 |
# |
# |
|a UKM
|c UKM
|d CUX
|d DLC
|
| 042 |
# |
# |
|a lccopycat
|
| 050 |
# |
# |
|a RC182.S24
|b S32 2001
|
| 082 |
# |
# |
|a 615.902
|b Sch
|
| 245 |
# |
# |
|a Schistosomiasis /
|c edited by Adel A.F. Mahmoud.
|
| 260 |
# |
# |
|a London :
|b Imperial College Press ;
|a River Edge, NJ :
|b distributed by World Scientific Pub. Co.,
|c c2001.
|
| 300 |
# |
# |
|a xiv, 510 p. :
|b ill. (some col.), maps ;
|c 23 cm.
|
| 440 |
# |
# |
|a Tropical medicine ;
|v v. 3
|
| 504 |
# |
# |
|a Includes bibliographical references.
|
| 650 |
# |
# |
|a Schistosomiasis.
|
| 650 |
# |
# |
|a Schistosomiasis.
|
| 700 |
# |
# |
|a Mahmoud, Adel A. F.
|
| 923 |
# |
# |
|a 12/2009
|
| 992 |
# |
# |
|a 26300
|
| 994 |
# |
# |
|a DLU
|
| 900 |
# |
# |
|a True
|
| 911 |
# |
# |
|a Đào Thị Thu Huyền
|
| 925 |
# |
# |
|a G
|
| 926 |
# |
# |
|a A
|
| 927 |
# |
# |
|a SH
|
| 980 |
# |
# |
|a Thư viện Trường Đại học Đà Lạt
|